000
00325nam a2200145Ia 4500
005
20251222141941.0
008
251222s9999||||xx |||||||||||||| ||spa||
020
_a
970-686-468-7
082
_a
155.2/K17
100
_a
Kail, Robert V.
245
0
_a
Desarrollo humano:
250
_a
3a.ed.
264
_b
Thomson
942
_c
LIB
999
_c
9356
_d
9356